000 01185nam a2200241 a 4500
001 BRCA_249
005 20190320202932.0
008 871125s1984----mx-#---###---f001-0#spa-#
040 _aDLC
_cDLC
_dDLC
041 _aspa
044 _amx
050 4 _aF1219
_b.G73 1984
100 1 _aGranados y Gálvez, Joseph Joaquín
_9863
245 1 0 _aTardes americanas
_bgobierno gentil y católico : breve y particular noticia de toda la historia indiana : sucesos, casos notables, y cosas ignoradas, desde la entrada de la Gran Nación Tolteca a esta tierra de Anáhuac, hasta los presentes tiempos
_ctrabajadas por un indio y un español ; sácalas a luz, Joseph Joaquín Granados y Gálvez ; nota introductoria Roberto Moreno de los Arcos.
260 _aMéxico
_bCentro de Estudios de Historia de México Condumex
_c1984
300 _axxi, 540 p.
_c21 cm.
500 _aFacsímil de : México : Imprenta Matritense de D. Felipe de Zuñiga y Ontiveros, 1778
650 1 4 _aIndígenas de México
_xMisiones
_9864
650 1 4 _aMisiones
_xHistoria
_zMéxico
_9865
651 4 _aMéxico
_xHistoria
_y1540-1810
_zColonia española
_9866
700 1 _aMoreno de los Arcos, Roberto
_9867
942 _2lcc
_cB
999 _c205
_d205